Urheilijat JVG:n sanoituksissa - Statistics

Yleistilastot
  • Tätä visaa on pelattu 184 kertaa
  • Keskiarvotulos 15 / 40
Vastaustilastot
% Oikein
* ***** ja _____,joka pojan sankari. Jari
90%
Häissä Mikis Nelssonin Sena, jauhan jenkkii ku _____. Matikaisen Pena
83%
Epoo Tai Jari, Jari _____,Ajaxin kulta-ajan lapsi. Litmanen
82%
* _____ ja *****,joka pojan sankari. Teemu
77%
Voitolla yöhön Kurinpitäjä, sä et mua pidätä,_____ istuu jäähyl tääl, pidä junnu pää ylhääl. Märkä
67%
Epoo VilleGalle mikissä,yht tikissä ku _____. Tikkanen
64%
Häissä Meen aina rajojeni yli niinku _____. Muhammad Ali
59%
Epoo Mä panen ku _____,joka illaks nainen uus. Tiger Woods
57%
Rallikansa Unelmat isoista urista tuntuu täällä,
ku up in the ass of _____.
Timo
57%
Epoo _____ ylähyllyllä,koko hiihto on ihan pyllystä. Myllylä
55%
Rallikansa Mieles joka pojalla on _____ Toyota,
sen pahvilaatikosta voi jokanen tehä kotona.
Rovanperän
55%
Kasarin lapsi Kutikaa hutii ku _____ tuulensuojaa multa,joten siis '95 edelleen juhlin mä kultaa. Juti
49%
Takajeejee ***** kuuskasi,vedän nuuskaa ku _____. Nurmisen Pasi
43%
Epoo Joudut pyytää _____,jos haluut meiät aisoihin. Tysonii
40%
Paluu tulevaisuuteen Me mennään kovaa _____,tuu megee, tilaan sulle überin. Keke Rosberg
39%
Takajeejee _____ kuuskasi,vedän nuuskaa ku *****. Jaageri
38%
Rallikansa Mihis rallii sitä oltii menoskaa?_____ mallii, nii me ollaa elos taas. Vatasesta
38%
Epoo Salama jää _____,mut nuuska ei nortille. Boltille
36%
Rallikansa Lapsesta lähtien näit mökkiteit pitkin,
niinku _____, hopee on häpee.
Häkkinen
36%
1987 1987, synty niit mestareita,Kendrick, _____, Koutsi ja Galis Messi
34%
Ministerinpaikal Tietokone pääs,_____. Sebe Aho
30%
Ministerinpaikal Laitoin all in,niinku _____. Patu Laine
28%
Epoo Niinku _____ ku kala vedes Sievinen
28%
Lite bättre Lensin sinne kaks tuntiija vastaan tuliki _____ Mats Sundin
27%
Ministerinpaikal Niinku _____,kaikki yritykset torjutaa. Pekka Rinne
26%
Verkkareis Pomputa palloo ku _____,meijä tiimin nimi on Hissigang. Nissilä
22%
Lite bättre Osasin laulaa Glider in,_____ tuliki liideri. Ville Peltosest
21%
1987 *****, _____, Koutsi ja Galis,dominointii vuosii omas lajis. Crosby
19%
Ministerinpaikal Täs vaihees fiilis _____,ja tää stoori, satumaine. Mikko Rantane
19%
Epoo ***** tukkaa, hollaback _____. Sergei Bubka
16%
Verkkareis Mul on Copa sekä Nike Air Max,oon _____, teen hedarin pääl, yeah Zidane
16%
Lite bättre On _____, och Ettanvad fan, lite bättre Zlatan
16%
Spagettipyssyt Pumppaan ku _____,olin innoissaan ku pentuna. Mentula
15%
Epoo _____ tukkaa,hollaback *****. Valderraman
15%
Koutsi hoitaa VilleGalle tulee taas koppii,_____ oli meijän oppi-isä. Juhani Tamminen
13%
Lite bättre Mut hei, titta på mig, sveduis kaikki aina niin komeit
on _____, on *****.
Henkke Larssoni
12%
Kasarin lapsi _____ mun bravuuri,lätkäjätkät voi työntää nappikengät hanurii. Mika Niemiset
12%
Lite bättre Mut hei, titta på mig,
sveduis kaikki aina niin komeit
on *****, on _____.
Erik Karlssoni
11%
Spagettipyssyt Diskoon inee aivan _____,vaik en tullukkaa mussuttaa donitsii. Arnoldina
10%
1987 _____, *****, Koutsi ja Galis,dominointii vuosii omas lajis. Djoko
8%
Ehtoja vastaavia visoja ei löytynyt
Tulosjakauma
Jokaisen tuloksen saaneiden osuus
Persentiili vastausten määrän mukaan
Tuloshistoriasi
Et ole pelannut tätä visaa